[Event "Guillermo Garcia Memorial op 28th"]
[Site "Santa Clara"]
[Date "2019.04.27"]
[Round "5"]
[White "Azpiroz, Villanueva Guiller"]
[Black "Guillen Cristobal, Sandra Nayeli"]
[Result "0-1"]
[WhiteElo "1601"]
[BlackElo "1858"]
[PlyCount "70"]
[EventDate "2019.04.23"]
[EventType "swiss"]
[EventRounds "9"]
[EventCountry "CUB"]
[SourceTitle "EXT 2020"]
[Source "ChessBase"]
[SourceDate "2019.10.17"]
[SourceVersion "1"]
[SourceVersionDate "2019.10.17"]
[SourceQuality "1"]

1. e4 c5 2. Nc3 g6 3. f4 Bg7 4. Nf3 d6 5. Bb5+ Bd7 6. 0-0 Nc6 7. d3 e6 8. Bxc6 bxc6 9. Qe1 Ne7 10. Nd1 Rb8 11. c3 0-0 12. Qh4 Nc8 13. Qh3 Qc7 14. Ne3 f5 15. g4 Nb6 16. gxf5 exf5 17. exf5 Bxf5 18. Nxf5 Rxf5 19. Nh4 Rh5 20. Qg4 Qe7 21. Ng2 Rf8 22. Bd2 Rd5 23. Rae1 Qf7 24. Re3 Nc4 25. dxc4 Rxd2 26. Rfe1 Qxc4 27. Qd7 Qd5 28. R1e2 Rd1+ 29. Kf2 Rd2 30. Qxa7 Rxe2+ 31. Rxe2 Be5 32. Kg3 Bxf4+ 33. Nxf4 Qg5+ 34. Kf2 Qxf4+ 35. Ke1 Qc1# 0-1

[Event "Guillermo Garcia Memorial op 28th"]
[Site "Santa Clara"]
[Date "2019.04.26"]
[Round "4"]
[White "Servello Horta, Yane"]
[Black "Azpiroz, Villanueva Guiller"]
[Result "0-1"]
[WhiteElo "1492"]
[BlackElo "1601"]
[PlyCount "48"]
[EventDate "2019.04.23"]
[EventType "swiss"]
[EventRounds "9"]
[EventCountry "CUB"]
[SourceTitle "EXT 2020"]
[Source "ChessBase"]
[SourceDate "2019.10.17"]
[SourceVersion "1"]
[SourceVersionDate "2019.10.17"]
[SourceQuality "1"]

1. d4 Nf6 2. c4 e6 3. Nc3 Bb4 4. Qb3 c5 5. dxc5 Nc6 6. Nf3 Ne4 7. Bd2 Nxd2 8. Nxd2 f5 9. e3 Bxc5 10. Be2 b6 11. 0-0 0-0 12. Rfd1 g5 13. Qc2 Bb7 14. a3 f4 15. exf4 Nd4 16. Qd3 Rxf4 17. Nde4 d5 18. cxd5 exd5 19. Nxc5 bxc5 20. Bf1 Qf6 21. f3 g4 22. Ne2 Rxf3 23. gxf3 Nxf3+ 24. Kf2 Ne5+ 0-1